The Identity project: (Record no. 750243)

MARC details
000 -LEADER
fixed length control field 00331nam a22001217a 4500
020 ## - INTERNATIONAL STANDARD BOOK NUMBER
ISBN 9789360458195
082 ## - DEWEY DECIMAL CLASSIFICATION NUMBER
Classification number 320.954 BHA/I
100 ## - MAIN ENTRY--AUTHOR NAME
Personal name Bhatia, Rahul
245 ## - TITLE STATEMENT
Title The Identity project:
Sub Title the unmaking of a democracy/
Statement of responsibility, etc by Rahul Bhatia
260 ## - PUBLICATION, DISTRIBUTION, ETC. (IMPRINT)
Place of publication . - Chennai
Name of publisher : Context
Year of publication , 2024
300 ## - PHYSICAL DESCRIPTION
Number of Pages 449 pages
942 ## - ADDED ENTRY ELEMENTS (KOHA)
Source of classification or shelving scheme Dewey Decimal Classification
Koha item type Book
Holdings
Withdrawn status Lost status Source of classification or shelving scheme Damaged status Not for loan Home Library Current Location Date acquired Full call number Accession Number Price effective from Koha item type
    Dewey Decimal Classification     Dept. of Political Science Dept. of Political Science 06/02/2025 320.954 BHA/I POL23738 08/07/2025 Book